CEM 11+ non-verbal reasoning & spatial reasoning practice papers (Record no. 36934)

MARC details
000 -LEADER
fixed length control field 00620nam a2200157 a 4500
008 - FIXED-LENGTH DATA ELEMENTS--GENERAL INFORMATION
fixed length control field 201204s2019 ||||||||||||||||| || u
020 ## - INTERNATIONAL STANDARD BOOK NUMBER
International Standard Book Number 9781510449749
050 ## - LIBRARY OF CONGRESS CALL NUMBER
Classification number BC 177 Fra
100 ## - MAIN ENTRY--PERSONAL NAME
Personal name Francis, Peter
245 10 - TITLE STATEMENT
Title CEM 11+ non-verbal reasoning & spatial reasoning practice papers
Statement of responsibility, etc. By Peter Francis
260 ## - PUBLICATION, DISTRIBUTION, ETC.
Place of publication, distribution, etc. London
Name of publisher, distributor, etc. Hodder and Stoughton
Date of publication, distribution, etc. 2019
300 ## - PHYSICAL DESCRIPTION
Extent 64 pages : illustrations
650 ## - SUBJECT ADDED ENTRY--TOPICAL TERM
Topical term or geographic name entry element NON-VERBAL ABILITY TESTS
650 ## - SUBJECT ADDED ENTRY--TOPICAL TERM
Topical term or geographic name entry element REASONING
995 ## - RECOMMENDATION 995 [LOCAL, UNIMARC FRANCE]
-- 24.36
-- CBU-MAIN LIBRARY (Kitwe)
-- 1
-- AVAILABLE
-- Dec 8, 2020
-- Main Library Open Access Collection
Holdings
Withdrawn status Lost status Source of classification or shelving scheme Damaged status Not for loan Home library Current library Shelving location Date acquired Total Checkouts Full call number Barcode Date last seen Price effective from Koha item type
          CBU-MAIN LIBRARY, KITWE. CBU-MAIN LIBRARY, KITWE.   11/30/2022   BC 177 Fra 750549 11/30/2022 11/30/2022 MONOGRAPH